| 000 | 00802cab a2200241 4500 | ||
|---|---|---|---|
| 001 | ABS51824 | ||
| 008 | 090401t1994 xxu||||| |||| 00| 0 eng d | ||
| 035 | _a(Sirsi) u45441 | ||
| 041 | _aeng | ||
| 100 | _aPerry, A. | ||
| 245 | _aGuidance for the insolvent | ||
| 260 | _c1994 | ||
| 350 | _a0 | ||
| 490 |
_aEstates Times _v(1256) 4 November 1994, 6(1) |
||
| 520 | _aLooks at changes to the rules of insolvency law from 1 December 1994 when the Insolvency Partnerships Order 1994 comes into force. Examines the implications for partnerships. | ||
| 650 | _aINSOLVENCY ACT 1985 | ||
| 650 | _aINSOLVENCY PARTNERSHIPS ORDER 1994 | ||
| 650 |
_aInsolvency _96247 |
||
| 650 | _aPARTNERSHIPS | ||
| 690 | _aMANAGEMENT-BUSINESS MANAGEMENT-PROFESSIONAL PRACTICE | ||
| 942 | _n0 | ||
| 948 | _c04/03/1997 | ||
| 999 |
_c28830 _d28830 |
||